00491nam a2200133Ia 4500008004100000041000800041082002100049100001800070245003700088260002700125300000900152999001900161952017700180230411s9999 xx 000 0 und d aeng aX/823/CAN/B07151 aCanfield Jack aChicken Soup for the Womans Soul bWestlandaMumbaic1999 a352p c157328d157328 001040708XaBTINbBTINd2012-08-07eLandmark Limitedg265.00iSLF02S0161040027861l0oX 823 CAN B07151pBTIN-BK-7151r2023-04-11 00:00:00v170.00w2012-08-07yBKzB07151